000 01081nas a2200361 4500
001 BR0701285
003 BR-BrBNA
005 20231205110632.0
007 ta
008 230509b bl.|||p| |||| 00| 00por d
040 _aBR-BrBNA
_bpor
_cBiblioteca Nacional de Agricultura
041 _a(Pt)
072 _aP01; P10
100 1 _aFritzsons, E.
100 1 _aMantovani, L.E.
100 1 _aChaves Neto, A.
100 1 _aRizzi, N.E.
245 1 _aA influência da floresta ciliar sobre a temperatura das águas do rio Capivari, região cárstica curitibana
650 _aMATA CILIAR
650 _aLIMNOLOGIA
650 _aECOLOGIA VEGETAL
650 _aEQUILÍBRIO ECOLÓGICO
650 _aÁGUAS INTERIORES
650 _aTEMPERATURA
650 _aUMIDADE
650 _aIRRADIAÇÃO LUMINOSA
650 _aBACIA HIDROGRÁFICA
650 _aPRESERVAÇÃO DA NATUREZA
650 _aPARANÁ
773 0 _tFloresta (Brazil)
_xISSN 0015-3826
_g(Sep-Dec 2005), v. 35(3) p. 395-407
_wBR0701285
909 _a202311
_bLúcia
_c55
_dLúcia Elande
942 _2AGRIS
_n0
_cANA
999 _c188293
_d188293